Loading...
| Literature - European | 1 | 5 | 2 | 0 | 55 | 33 | 94.50 | 3 | 6 | 6.60 | 24.24 |
| Literature - American | 0 | 3 | 0 | 1 | 30 | 88 | 118.00 | 1 | 3 | 0.49 | 7.58 |
| Science - Chemistry | 0 | 2 | 0 | 0 | 20 | 71 | 102.50 | 1 | 2 | 0.00 | 0.00 |
| 0 | 2 | 0 | 1 | 20 | 112 | 125.00 | 1 | 2 | 0.00 | 0.00 | |
| Science - Biology | 1 | 0 | 0 | 0 | 15 | 73 | 73.00 | 1 | 1 | 0.00 | 0.00 |
| Literature - British | 0 | 2 | 1 | 0 | 15 | 115 | 119.00 | 1 | 2 | 3.71 | 16.67 |
| Other Arts: Auditory | 0 | 1 | 0 | 0 | 10 | 97 | 97.00 | 0 | 1 | 0.00 | 0.00 |
| Current Events | 0 | 1 | 0 | 0 | 10 | 100 | 100.00 | 1 | 1 | 0.00 | 0.00 |
| Fine Arts - Auditory | 0 | 1 | 0 | 0 | 10 | 129 | 129.00 | 0 | 1 | 0.00 | 0.00 |
| World and Other Literature | 0 | 1 | 0 | 0 | 10 | 134 | 134.00 | 0 | 1 | 0.00 | 0.00 |
| Beliefs | 0 | 2 | 3 | 0 | 5 | 77 | 111.50 | 0 | 2 | 0.00 | 0.00 |
| Other Arts: Visual | 0 | 1 | 1 | 0 | 5 | 107 | 107.00 | 1 | 1 | 0.00 | 0.00 |
| Other Science: Math | 0 | 1 | 2 | 0 | 0 | 136 | 136.00 | 0 | 1 | 0.00 | 0.00 |
| Science - Physics | 0 | 0 | 1 | 0 | -5 | 0.00 | 0 | 0 | 2.37 | 15.15 | |
| Social Science | 0 | 0 | 1 | 0 | -5 | 0.00 | 0 | 0 | -0.15 | 1.52 | |
| Philosophy | 0 | 0 | 1 | 0 | -5 | 0.00 | 0 | 0 | 8.46 | 16.67 |